000 00217nam a22000977a 4500
008 170126b xxu||||| |||| 00| 0 srb d
041 _asrb
080 _a61
245 _aINSULINSKA REZISTENCA
_cMICIC, D
942 _2udc
_cBK
999 _c3760
_d3760